00682nam a2200157Ia 450000500170000000800390001702000180005608200160007410000220009024500670011226000340017930000140021352002620022765000120048970000230050120260225134114.0260225s9999 xx 000 0 und d a9780300109030 a338.74bPOW aPowell, Walter W. 0aThe Nonprofit Sector / cPowell, Walter W.; Steinberg, Richard bYale University Press, c2006 a679 pages aProvides a multi-disciplinary survey of nonprofit organizations and their role and function in society. This book also examines the nature of philanthropic behaviours and an array of organizations, international issues, social science theories, and insight. aHistory aSteinberg, Richard